header

Holocaust denial and the law (Record no. 187919)

MARC details
000 -LEADER
fixed length control field 01355nam a2200349Ia 4500
082 04 - DEWEY DECIMAL CLASSIFICATION NUMBER
Classification number 341.6/9/0268
100 1# - MAIN ENTRY--AUTHOR NAME
Personal name Kahn, Robert A.
245 10 - TITLE STATEMENT
Title Holocaust denial and the law
250 ## - EDITION STATEMENT
Edition statement 1st ed.
260 ## - PUBLICATION, DISTRIBUTION, ETC. (IMPRINT)
Place of publication New York :
Name of publisher Palgrave Macmillan,
Year of publication 2004.
300 ## - PHYSICAL DESCRIPTION
Number of Pages xi, 207 p.
650 #0 - SUBJECT ADDED ENTRY--TOPICAL TERM
Topical Term Nuremberg Trial of Major German War Criminals, Nuremberg, Germany, 1945-1946.
Topical Term War crime trials.
Topical Term Holocaust denial.
Topical Term Comparative law.
856 40 - ELECTRONIC LOCATION AND ACCESS
Uniform Resource Identifier http://site.ebrary.com/lib/rucke/Doc?id=10135544

No items available.

© 2026 Rongo University
Contact us: librarian | system librarian | Rongo university